Strategic Compensation A Human Resource (Record no. 41403)

MARC details
000 -LEADER
fixed length control field 00378nam a2200145Ia 4500
008 - FIXED-LENGTH DATA ELEMENTS--GENERAL INFORMATION
fixed length control field 240719s9999 xx 000 0 und d
041 ## - LANGUAGE CODE
Language code of text/sound track or separate title eng
082 ## - DEWEY DECIMAL CLASSIFICATION NUMBER
Classification number 658.22 MAR
100 ## - MAIN ENTRY--PERSONAL NAME
Personal name Martocchio, Joseph J
245 ## - TITLE STATEMENT
Title Strategic Compensation A Human Resource
250 ## - EDITION STATEMENT
Edition statement 10th
260 ## - PUBLICATION, DISTRIBUTION, ETC.
Place of publication, distribution, etc. Noida
Name of publisher, distributor, etc. Pearson
Date of publication, distribution, etc. 2020
300 ## - PHYSICAL DESCRIPTION
Extent 394;. P. 24 Cm
520 ## - SUMMARY, ETC.
Summary, etc. Gifted By : IMT Faculty
Holdings
Withdrawn status Lost status Damaged status Not for loan Home library Current library Shelving location Date acquired Full call number Barcode Date last seen Price effective from Koha item type Public note
        IMTN IMTN Rack 25-B 07/17/2023 658.22 MAR 33098 07/19/2024 07/19/2024 Books Gifted
Designed & Maintained by: LRC IMT Nagpur Contact: lrc@imtnag.ac.in© 2024. All Rights Reserved.